MDQL
is popping MORE tags! Check the
thread
!
Quizzes
Events
Quiz Creation
Community
Videos
Private Events
Remove Ads
Sign In
Join for FREE
Feedback
Dark Mode
Quiz Categories
Sports
Geography
Music
Movies
Television
Just For Fun
Miscellaneous
History
Literature
Language
Science
Gaming
Entertainment
Religion
Holiday
For Kids
Quiz Lab
Recent
Popular Today
Quiz Kudos Today
Editor Picks
Curator Picks
Quizzes by...
Day
Popularity
Type
Ratings
Length
Year
Community
Subscriptions
Recent Discussions
Orange Saloon
Badges
Playlists
Quests
Create
Leaderboards
Showdown
Live 5
Trivia Bingo
Activity
Puzzle Library
Sporcle Events
Private Events
Virtual Trivia
Globe League
Become a Host
Pub Owners
SporcleCon
Opinionation
Our Games
Videos
Blog
Mobile Apps
Partnerships
Remove Ads and Go Orange
Feedback
Music
Pop Music
The Beatles
Song
Album
Lyrics
Bands
Singers
Artist
Clip
Rock
Rap
Classical
Billboard
Country Music
Kpop
Taylor Swift
Music
Pop Music
The Beatles
Song
Album
Lyrics
Bands
Singers
Artist
Clip
Rock
Rap
Classical
Billboard
Country Music
Kpop
Taylor Swift
Random Quiz
Search Sporcle
×
Quiz Lab
Quiz Lab
Music
Lyrics
Type in answers that appear in a list
Type in answers that appear in a list
Classic
Best Score? Go Orange.
'The Battle of Evermore' Lyrics Stats
Can you figure out the lyrics to 'The Battle of Evermore' by Led Zeppelin?
By
metakoopa99
14m
294 Questions
327 Plays
327 Plays
327 Plays
Comments
Comments
Give Quiz Kudos
Give Quiz Kudos
-
- Ratings
hide this ad
Replay
Link that replays current quiz
Next Quiz
Link to next quiz in quiz playlist
You Got
0%
They Got
Avg Score
69%
Avg Friend Score
Upgrade to see
Score Distribution
Jump to the score distribution portion of the page
Score
0/294
Timer
14:00
0
Plays Today
% Correct
The
98.5%
The
98.5%
the
98.5%
the
98.5%
the
98.5%
the
98.5%
The
98.5%
the
98.5%
the
98.5%
the
98.5%
the
98.5%
the
98.5%
the
98.5%
The
98.5%
the
98.5%
the
98.5%
The
98.5%
the
98.5%
the
98.5%
The
98.5%
The
98.5%
the
98.5%
The
98.5%
the
98.5%
The
98.5%
the
98.5%
the
98.5%
The
98.5%
the
98.5%
The
98.5%
the
98.5%
The
98.5%
the
98.5%
the
98.5%
the
98.5%
the
98.5%
The
98.5%
the
98.5%
the
98.5%
The
98.5%
the
98.5%
the
98.5%
I
96.3%
of
95.7%
of
95.7%
of
95.7%
of
95.7%
of
95.7%
of
95.7%
of
95.7%
of
95.7%
of
95.7%
of
95.7%
of
95.7%
of
95.7%
of
95.7%
of
95.7%
of
95.7%
and
93.9%
and
93.9%
and
93.9%
and
93.9%
and
93.9%
and
93.9%
and
93.9%
to
92.7%
to
92.7%
to
92.7%
to
92.7%
to
92.7%
to
92.7%
to
92.7%
in
92.4%
in
92.4%
in
92.4%
in
92.4%
in
92.4%
in
92.4%
in
92.4%
go
89%
night
87.8%
night
87.8%
night
87.8%
night
87.8%
night
87.8%
night
87.8%
dark
86.2%
Dark
86.2%
dark
86.2%
dark
86.2%
for
85.6%
for
85.6%
for
85.6%
Light
85.3%
light
85.3%
light
85.3%
light
85.3%
then
85%
% Correct
her
84.1%
Oh
82.9%
Oh
82.9%
Oh
82.9%
Oh
82.9%
Oh
82.9%
she
82.6%
on
82.6%
on
82.6%
is
82.3%
is
82.3%
is
82.3%
is
82.3%
is
82.3%
is
82.3%
turn
80.1%
Queen
79.5%
do
79.5%
it
79.5%
it
79.5%
it
79.5%
took
79.2%
no
78.6%
no
78.6%
No
78.6%
turned
77.7%
morning
76.1%
morning
76.1%
morning
76.1%
Sing
75.2%
Sing
75.2%
black
75.2%
black
75.2%
Sing
75.2%
Sing
75.2%
we
74%
you
74%
bow
72.2%
bow
72.2%
ride
71.3%
Ride
71.3%
Prince
70.6%
dance
70.6%
Dance
70.6%
dance
70.6%
your
69.4%
your
69.4%
your
69.4%
your
69.4%
waiting
69.1%
waiting
69.1%
waiting
69.1%
wait
68.8%
Peace
68.5%
alone
68.5%
will
68.2%
valley
68.2%
I'm
68.2%
valley
68.2%
will
68.2%
down
67.3%
not
67.3%
down
67.3%
not
67.3%
back
67%
back
67%
back
67%
back...
67%
all
66.4%
all
66.4%
bring
66.4%
Bring
66.4%
Bring
66.4%
Bring
66.4%
time
64.5%
eastern
64.5%
time
64.5%
eastern
64.5%
walked
63.9%
Lord
63.9%
red
63.9%
glow
63%
war
63%
glow
63%
war
63%
sun
62.7%
hear
62.1%
angels
62.1%
below
60.6%
from
60.6%
from
60.6%
us
60.2%
so
60.2%
with
59.9%
With
59.9%
embraced
59%
gloom
58.7%
face
58.4%
% Correct
face
58.4%
up
57.5%
Avalon
57.2%
castle
56.9%
wall
56.3%
ringwraiths
56.3%
apples
55.4%
apples
55.4%
brown
55.4%
tell
54.7%
rides
54.4%
tonight
53.8%
tyrant's
53.2%
seeds
52.3%
happiness
52.3%
know
52.3%
force
52%
that
52%
that
52%
by
50.8%
by
50.8%
them
50.5%
as
50.5%
exceed
50.2%
darkness
50.2%
never
49.8%
sky
49.2%
shake
49.2%
at
49.2%
At
49.2%
hold
48.9%
forget
48.9%
good
48.9%
long
48.9%
well
48.3%
eyes
48.3%
cannot
48.3%
eyes
48.3%
Rest
47.7%
pain
47.7%
swords
47.1%
bad
47.1%
tender
46.5%
care
46.5%
drums
46.5%
woe
46.2%
his
46.2%
Pick
45.9%
ground
45.3%
thunder
44.6%
are
44.3%
filled
44%
plow
43.4%
rich
43.4%
sunrise
43.4%
throw
43.1%
cry
43.1%
aftermath
43.1%
blue
42.5%
horses'
42.2%
fly
42.2%
darkest
41.9%
pass
41.9%
hoe
41.6%
mortals
41.3%
dragon
41.3%
slow
41%
common
40.4%
balance
40.4%
gold
39.8%
clouds
39.1%
cold
38.2%
Shoot
37.9%
Repay
37.6%
sunlight
37.6%
Side
37.3%
side
37.3%
Tired
37.3%
last
36.4%
before
36.1%
than
35.8%
beads
35.5%
has
34.9%
raise
34.6%
shining
34.6%
comfort
33.3%
blinds
33.3%
fire
32.1%
straighter
31.5%
flames
31.2%
lights
30.9%
homes
29.7%
might
29.7%
lock
28.7%
roll
24.8%
magic
22.6%
runes
21.1%
writ
20.8%
Quiz Playlist
Details
Report
Send in Message
Add To Playlist
Classic:
Type in answers that appear in a list
Last Updated: Feb 16, 2017
Quiz Scoreboard
CHALLENGE
Sign Up to Join the Scoreboard
Show All
Scores
Hide
Comments
May contain spoilers
Recently Published
1-10 Letter E Words III
by El_Dandy
Language
2m
Street Fighter Characters
by Artimus82
Gaming
60s
College Basketball Coaching Resumes
by pancakes188
Sports
9m
More to Explore
Quiz From the Vault
Featured Blog Post
Where Did the Easter Bunny Come From?
hide this ad
You Might Also Like...
Tags
Album Quiz
Bands Quiz
Lyrics Quiz
Rock Quiz
Song Quiz
Figure Out the Lyrics
Led Zeppelin
Today's Top Quizzes in Music
Browse Music
hide this ad
Today's Top Quizzes in Lyrics
Browse Lyrics
Top Contributed Quizzes in Music
1
Taylor Swift All Songs (2024)
2
Taylor Swift Logic Puzzle
3
Guess the Artist- 70s Songs
4
7-to-1: Billboard Hot 100 #1 Hits of 2010s
5
Sorting Albums and Songs
6
Billboard Blitz: Aretha Franklin
7
KPOP LOGIC QUIZ
8
Guess the Taylor Swift song (Mystery Song)
9
Guess The Taylor Swift Lyrics Song #1
10
Billboard Blitz: ABBA
Explore More
Trending Topics
Harry Potter
Marvel
Crossword
NBA
Kpop
Disney
Anime
Song
Country
WWE
The Office
Puzzle
NFL
Soccer
Pokémon
hide this ad
More By:
metakoopa99
Quiz
Plays
Rating
Category
Featured
Created
10 to 1: Classic Rock Songs
278,451
4.55
Music
Feb 15, 2016
10 to 1: Classic Rock Songs II
206,165
4.66
Music
Feb 15, 2016
10 to 1: Classic Rock Songs III
137,229
4.55
Music
Aug 29, 2016
Subcategory Multiple Choice: Sports
128,596
4.10
Sports
Sep 4, 2016
10 to 1: Classic Rock Songs IV
126,079
4.57
Music
Sep 25, 2016
Go to Creator's Profile
Score Distribution
Quiz Creator Spotlight
metakoopa99
Follow
Send a Message
Quizzes Created
-
Created Quiz Play Count
-
More By This Creator
Popular Quizzes Today
1
Find the US States - No Outlines Minefield
2
Find the Countries of Europe - No Outlines Minefield
3
The Countries of the World
4
Find the US States
5
Risky Map Clicking: Biggest States A-Z
6
US States
7
Popular People in 1961
8
Movies - When Are They Set?
More Music Quizzes
Clip Quiz Remix: Easy (50 Songs)
Curator's Pick
Trending Quizzes
Risky Map Clicking: Least Populous States A-Z
Billboard Blitz: Aretha Franklin
Famous Russians: Author or Composer?
Countries of the World: 200 Million BC
1-10 Letter G Words
Recently Updated
Leaping Animals
pecheneg
Reality TV Shows (A-Z)
bhenderson79
Rickey Henderson's Hall of Fame Teammates
pecheneg
Champions League XIs: Arsenal
pecheneg
Quick Pick: Celebrities in WWE's Hall of Fame
aduchscher
A-Z Keypad Blitz II
pecheneg
Multiple Oscar Actors
pecheneg
Mystery Phrase Blitz: Oscar 'Best Actors'
pecheneg
F. Scott Fitzgerald Novels
LTH
Pick 3 Villains
ddd62291
Trending Topics
Crossword
Harry Potter
Anime
NBA
Marvel
Disney
Kpop
Country
The Office
WWE
NFL
Pokémon
Puzzle
Soccer
Song
Your Account Isn't Verified!
In order to create a playlist on Sporcle, you need to verify the email address you used during registration. Go to your
Sporcle Settings
to finish the process.
Report this User
Report this user for behavior that violates our
Community Guidelines
.
Details:
Send Report
Go to the Sporcle.com Mobile Site →
Comments